00436 2200181 4500001002100000005001500021035002000036008004100056245004100097100001900138250000600157260003600163300001100199084001400210082000800224650001000232990001200242INLIS00000000000017820240711090755 a0010-0424000154240711 1 ind 1 aSurat Untuk Sahabat /cLila Kusminah aKusminah, Lila a1 aBandung :bPustaka Sunda,c2010 a60 hlm a813 LIL s a813 4aFiksi a0732477